Federal Finance in Peace and War
Enregistré dans:
| Format: | Livre |
|---|---|
| Langue: | anglais |
| Publié: |
London
Macmillan Co. Ltd.
1944
|
| Tags: |
Pas de tags, Soyez le premier à ajouter un tag!
|
MARC
| LEADER | 00000nam a2200000 4500 | ||
|---|---|---|---|
| 001 | 0268156 | ||
| 005 | 20240822101711.5 | ||
| 041 | 0 | |a eng | |
| 044 | |a GB | ||
| 245 | 1 | 0 | |a Federal Finance in Peace and War |c G. Findlay Shirras |
| 264 | 1 | |a London |b Macmillan Co. Ltd. |c 1944 | |